<?xml version="1.0" encoding="UTF-8"?>
<resp>
  <nextPage>https://data.bn.org.pl/api/networks/bibs.marcxml?marc=001+b1000000420293&amp;sinceId=1000000420294</nextPage>
  <collection>
    <record xmlns='http://www.loc.gov/MARC21/slim'><leader>02072nkm a2200517 i 4500</leader><controlfield tag='001'>b1000000420293</controlfield><controlfield tag='005'>20260409102310.0</controlfield><controlfield tag='007'>kj#ao#</controlfield><controlfield tag='008'>191002s1799    fr nnn       |    anfre c</controlfield><controlfield tag='009'>9911263163105606</controlfield><datafield ind1=' ' ind2=' ' tag='035'><subfield code='a'>(PL)b1000000420293</subfield></datafield><datafield ind1=' ' ind2=' ' tag='040'><subfield code='a'>WA N</subfield><subfield code='c'>WA N</subfield><subfield code='d'>WA N</subfield></datafield><datafield ind1='0' ind2=' ' tag='045'><subfield code='b'>d1799</subfield></datafield><datafield ind1=' ' ind2=' ' tag='046'><subfield code='k'>1799~</subfield><subfield code='2'>edtf</subfield></datafield><datafield ind1='1' ind2=' ' tag='100'><subfield code='a'>Descourtis, Charles Melchior</subfield><subfield code='d'>(1753-1820)</subfield><subfield code='e'>Rytownik.</subfield><subfield code='e'>Wydawca</subfield></datafield><datafield ind1='1' ind2='0' tag='245'><subfield code='a'>Séance du Corps-Législatif à l’Orangerie de S.t Cloud :</subfield><subfield code='b'>apparition de Bonaparte et Journée libératrice du 19.brum.re an 8. (10. 9.bre 1799.).</subfield></datafield><datafield ind1=' ' ind2=' ' tag='260'><subfield code='a'>A Paris :</subfield><subfield code='b'>chez Decourtis, Rue des Grands Degrés N.o 12.</subfield><subfield code='c'>[nie przed 1799].</subfield></datafield><datafield ind1=' ' ind2=' ' tag='300'><subfield code='a'>1 grafika :</subfield><subfield code='b'>akwaforta ;</subfield><subfield code='c'>ok. 29,6x39,6 cm.</subfield></datafield><datafield ind1=' ' ind2=' ' tag='336'><subfield code='a'>Obraz</subfield><subfield code='b'>sti</subfield><subfield code='2'>rdacontent</subfield></datafield><datafield ind1=' ' ind2=' ' tag='337'><subfield code='a'>Bez urządzenia pośredniczącego</subfield><subfield code='b'>n</subfield><subfield code='2'>rdamedia</subfield></datafield><datafield ind1=' ' ind2=' ' tag='338'><subfield code='a'>Arkusz</subfield><subfield code='b'>nb</subfield><subfield code='2'>rdacarrier</subfield></datafield><datafield ind1=' ' ind2=' ' tag='380'><subfield code='a'>Grafiki</subfield></datafield><datafield ind1=' ' ind2=' ' tag='386'><subfield code='m'>Przynależność kulturowa</subfield><subfield code='a'>Grafika francuska</subfield></datafield><datafield ind1='1' ind2=' ' tag='388'><subfield code='a'>1701-1800</subfield></datafield><datafield ind1='1' ind2=' ' tag='388'><subfield code='a'>1801-1900</subfield></datafield><datafield ind1=' ' ind2=' ' tag='500'><subfield code='a'>Niesygnowana, autorem jest Charles-Melchior Descourtis.</subfield></datafield><datafield ind1='0' ind2='7' tag='600'><subfield code='a'>Napoleon</subfield><subfield code='b'>I</subfield><subfield code='c'>(cesarz Francuzów ;</subfield><subfield code='d'>1769-1821)</subfield><subfield code='2'>DBN</subfield></datafield><datafield ind1=' ' ind2='7' tag='648'><subfield code='a'>1701-1800</subfield><subfield code='2'>DBN</subfield></datafield><datafield ind1=' ' ind2='7' tag='650'><subfield code='a'>Zamach stanu 18 brumaire&apos;a (1799)</subfield><subfield code='2'>DBN</subfield></datafield><datafield ind1=' ' ind2='7' tag='655'><subfield code='a'>Miedzioryt punktowany</subfield><subfield code='2'>DBN</subfield></datafield><datafield ind1=' ' ind2='7' tag='655'><subfield code='a'>Scena historyczna</subfield><subfield code='2'>DBN</subfield></datafield><datafield ind1=' ' ind2=' ' tag='852'><subfield code='8'>22594521080005066</subfield><subfield code='j'>1</subfield><subfield code='h'>G.30748/WAF.213</subfield><subfield code='b'>BN_PL</subfield><subfield code='p'>888a0342310</subfield><subfield code='c'>bikon</subfield></datafield><datafield ind1=' ' ind2=' ' tag='852'><subfield code='b'>48OMNIS_NLOP</subfield><subfield code='8'>991052564231305066</subfield></datafield><datafield ind1=' ' ind2=' ' tag='852'><subfield code='b'>48OMNIS_NETWORK</subfield><subfield code='8'>9911263163105606</subfield></datafield><datafield ind1=' ' ind2=' ' tag='950'><subfield code='u'>https://eu05.alma.exlibrisgroup.com/view/uresolver/48OMNIS_NETWORK/openurl?u.ignore_date_coverage=true&amp;portfolio_pid=53683259980005066&amp;Force_direct=true</subfield><subfield code='z'>Zobacz w Polonie sygnatura: G.30748/WAF.213</subfield><subfield code='8'>53683259980005066</subfield></datafield></record>
  </collection>
</resp>
